00476nam a2200157Ia 45000010006000000050017000060080041000230410008000640820016000721000040000882450136001282600009002643000029002736500008003026540008003102522820260414151136.0260414t2020||||xx |||||||||||||| ||spa|| aESP a346.4bT74R aTorres Maldonado, Marco AndreieAUT 0aLa responsabilidad civil en los derechos reales :binmisiones en las relaciones de vecindad, doble venta, ruina de edificio y otros c2020 a382 páginas : c25 cm. aDER aCDE